Movies by Musical Performance - Statistics

General Stats
  • This quiz has been taken 2,237 times
  • The average score is 12 of 20
Answer Stats
Picture Answer % Correct
Bohemian Rhapsody
87%
8 Mile
79%
A Star is Born
77%
Pitch Perfect
75%
Back to the Future
73%
School of Rock
73%
Blues Brothers
72%
Amadeus
61%
Whiplash
60%
Trolls World Tour
58%
Purple Rain
57%
Cabaret
56%
Rocketman
54%
Walk the Line
54%
Ferris Bueller's Day Off
50%
Moulin Rouge
49%
The Sound of Music
47%
O Brother, Where Art Thou?
41%
Scott Pilgrim vs. the World
33%
This Is Spinal Tap
31%
No matching quizzes found
Score Distribution
Percent of People with Each Score
Percentile by Number Answered
Your Score History
You have not taken this quiz